|
|
|
|
| LEADER |
00000naa a2200000 ar4500 |
| 001 |
vtls009333184 |
| 003 |
SK-MaSNL |
| 005 |
20260302145529.0 |
| 008 |
080911c1974 xo |r|p||||||||00 ||slo |
| 015 |
|
|
|a SNBRA2008/09
|2 snkbucl
|
| 038 |
|
|
|a SNKBUCL
|
| 040 |
|
|
|a SNKBUCL
|b slo
|c SNKBUCL
|e AACR2
|
| 041 |
0 |
|
|a slo
|
| 044 |
|
|
|a xo
|c SK
|
| 080 |
|
|
|a 371(091)
|2 2001
|
| 080 |
|
|
|a 94(437.6)
|2 2001
|
| 100 |
1 |
|
|a Marták, Ján,
|d 1903-1982
|4 aut
|9 37645
|
| 245 |
1 |
0 |
|a Levočská škola
|c Ján Marták
|
| 504 |
|
|
|a Bibliogr. odkazy
|
| 650 |
0 |
7 |
|a dejiny školstva
|2 snkbucl
|9 71224
|
| 650 |
0 |
7 |
|a lýceá
|2 snkbucl
|9 274978
|
| 651 |
|
7 |
|a Levoča (Slovensko)
|2 snkbucl
|9 26696
|
| 655 |
|
7 |
|a štúdie
|2 snkbucl
|9 57033
|
| 773 |
0 |
|
|t Ján Marták 1903-1973
|d Martin : Matica slovenská, 1974
|g S. 9-25
|
| 852 |
|
|
|a SNK
|b KIS3GCP
|
| 958 |
|
|
|a NB
|
| 999 |
|
|
|c 1354413
|d 1356343
|